Drawing parallels : knowledge production in axonometric, isometric and oblique drawings / (Record no. 5801)

MARC details
000 -LEADER
fixed length control field 00485nam a22001697a 4500
003 - CONTROL NUMBER IDENTIFIER
control field OSt
005 - DATE AND TIME OF LATEST TRANSACTION
control field 20240527063005.0
008 - FIXED-LENGTH DATA ELEMENTS--GENERAL INFORMATION
fixed length control field 230110b |||||||| |||| 00| 0 eng d
020 ## - INTERNATIONAL STANDARD BOOK NUMBER
International Standard Book Number 9780367660734
040 ## - CATALOGING SOURCE
Transcribing agency na
082 ## - DEWEY DECIMAL CLASSIFICATION NUMBER
Classification number 729 L145 2019
100 ## - MAIN ENTRY--PERSONAL NAME
Personal name Lucas, Ray
245 ## - TITLE STATEMENT
Title Drawing parallels : knowledge production in axonometric, isometric and oblique drawings /
Statement of responsibility, etc. Ray Lucas
260 ## - PUBLICATION, DISTRIBUTION, ETC.
Place of publication, distribution, etc. New York
Name of publisher, distributor, etc. Routledge;
Date of publication, distribution, etc. 2020
300 ## - PHYSICAL DESCRIPTION
Extent 1203 p,
Dimensions 22.5 cm.
942 ## - ADDED ENTRY ELEMENTS (KOHA)
Source of classification or shelving scheme Dewey Decimal Classification
Koha item type English Book
Suppress in OPAC No
Holdings
Withdrawn status Lost status Source of classification or shelving scheme Damaged status Not for loan Home library Current library Date acquired Total Checkouts Full call number Barcode Date last seen Copy number Price effective from Koha item type
    Dewey Decimal Classification     CENTRAL TUWAIQ 01/10/2023   729 L145 2020 1000000024395 01/10/2023 1 01/10/2023 English Book
    Dewey Decimal Classification     CENTRAL TUWAIQ 07/01/2024   729 L145 2019 1000000025117 07/01/2024   07/01/2024 English Book